<?xml version="1.0" encoding="UTF-8"?><?xml-stylesheet type="text/xsl" href="static/style.xsl"?><OAI-PMH xmlns="http://www.openarchives.org/OAI/2.0/" xmlns:xsi="http://www.w3.org/2001/XMLSchema-instance" xsi:schemaLocation="http://www.openarchives.org/OAI/2.0/ http://www.openarchives.org/OAI/2.0/OAI-PMH.xsd"><responseDate>2026-04-30T00:48:27Z</responseDate><request verb="GetRecord" identifier="oai:uvadoc.uva.es:10324/67201" metadataPrefix="marc">https://uvadoc.uva.es/oai/request</request><GetRecord><record><header><identifier>oai:uvadoc.uva.es:10324/67201</identifier><datestamp>2024-12-18T13:15:01Z</datestamp><setSpec>com_10324_1138</setSpec><setSpec>com_10324_931</setSpec><setSpec>com_10324_894</setSpec><setSpec>col_10324_1226</setSpec></header><metadata><record xmlns="http://www.loc.gov/MARC21/slim" xmlns:doc="http://www.lyncode.com/xoai" xmlns:xsi="http://www.w3.org/2001/XMLSchema-instance" xmlns:dcterms="http://purl.org/dc/terms/" xsi:schemaLocation="http://www.loc.gov/MARC21/slim http://www.loc.gov/standards/marcxml/schema/MARC21slim.xsd">
<leader>00925njm 22002777a 4500</leader>
<datafield tag="042" ind1=" " ind2=" ">
<subfield code="a">dc</subfield>
</datafield>
<datafield tag="720" ind1=" " ind2=" ">
<subfield code="a">Ceballos Laita, Luis</subfield>
<subfield code="e">author</subfield>
</datafield>
<datafield tag="720" ind1=" " ind2=" ">
<subfield code="a">Lahuerta Martín, Silvia</subfield>
<subfield code="e">author</subfield>
</datafield>
<datafield tag="720" ind1=" " ind2=" ">
<subfield code="a">Carrasco Uribarren, Andoni</subfield>
<subfield code="e">author</subfield>
</datafield>
<datafield tag="720" ind1=" " ind2=" ">
<subfield code="a">Cabanillas Barea, Sara</subfield>
<subfield code="e">author</subfield>
</datafield>
<datafield tag="720" ind1=" " ind2=" ">
<subfield code="a">Hernández Lazaro, Héctor</subfield>
<subfield code="e">author</subfield>
</datafield>
<datafield tag="720" ind1=" " ind2=" ">
<subfield code="a">Pérez Guillén, Silvia</subfield>
<subfield code="e">author</subfield>
</datafield>
<datafield tag="720" ind1=" " ind2=" ">
<subfield code="a">Jiménez del Barrio, Sandra</subfield>
<subfield code="e">author</subfield>
</datafield>
<datafield tag="260" ind1=" " ind2=" ">
<subfield code="c">2023</subfield>
</datafield>
<datafield tag="520" ind1=" " ind2=" ">
<subfield code="a">(1) Background: Strength training (ST) and aerobic training (AT) are the most recommended interventions in patients with knee OA. These recommendations are supported by high-quality evidence, but it is still unknow whether one type of exercise is superior to the other. Thus, the aim was to investigate whether one type of exercise (ST or AT) is superior to the other for improving pain and physical function in patients with knee osteoarthritis. (2) Methods: A systematic review and meta-analysis was carried out following the PRISMA statement. The search strategy was conducted in PubMed, PEDro, Scopus, Web of Science and Cochrane Library databases. Randomized controlled trials comparing ST and AT on pain intensity and physical function in patients with knee osteoarthritis were included. Methodological quality and risk of bias were assessed with a PEDro scale and risk-of-bias tool, respectively. The certainty of evidence was evaluated using GRADE guidelines. (3) Results: Four studies (6 publications) were included. The qualitative and quantitative synthesis showed that ST produces no more improvement in pain intensity (SMD after intervention: 0.02; 95%CI: −0.15, 0.19; I2: 0%; three studies; 426 patients) and physical function (SMD after intervention: 0.07; 95%CI: −0.10, 0.24; I2: 0%; three studies; 426 patients) compared to AT in patients with knee osteoarthritis. The certainty of evidence was rated as very low. (4) Conclusions: Both type of exercises showed clinical benefits in people with knee osteoarthritis, but no differences between ST and AT were found.</subfield>
</datafield>
<datafield tag="024" ind2=" " ind1="8">
<subfield code="a">Healthcare, 2024, Vol. 12, Nº. 1, 33</subfield>
</datafield>
<datafield tag="024" ind2=" " ind1="8">
<subfield code="a">2227-9032</subfield>
</datafield>
<datafield tag="024" ind2=" " ind1="8">
<subfield code="a">https://uvadoc.uva.es/handle/10324/67201</subfield>
</datafield>
<datafield tag="024" ind2=" " ind1="8">
<subfield code="a">10.3390/healthcare12010033</subfield>
</datafield>
<datafield tag="024" ind2=" " ind1="8">
<subfield code="a">33</subfield>
</datafield>
<datafield tag="024" ind2=" " ind1="8">
<subfield code="a">1</subfield>
</datafield>
<datafield tag="024" ind2=" " ind1="8">
<subfield code="a">Healthcare</subfield>
</datafield>
<datafield tag="024" ind2=" " ind1="8">
<subfield code="a">12</subfield>
</datafield>
<datafield tag="024" ind2=" " ind1="8">
<subfield code="a">2227-9032</subfield>
</datafield>
<datafield ind1=" " ind2=" " tag="653">
<subfield code="a">Osteoarthritis</subfield>
</datafield>
<datafield ind1=" " ind2=" " tag="653">
<subfield code="a">Osteoartritis</subfield>
</datafield>
<datafield ind1=" " ind2=" " tag="653">
<subfield code="a">Knee</subfield>
</datafield>
<datafield ind1=" " ind2=" " tag="653">
<subfield code="a">Knee - Diseases</subfield>
</datafield>
<datafield ind1=" " ind2=" " tag="653">
<subfield code="a">Rodilla - Enfermedades</subfield>
</datafield>
<datafield ind1=" " ind2=" " tag="653">
<subfield code="a">Exercise</subfield>
</datafield>
<datafield ind1=" " ind2=" " tag="653">
<subfield code="a">Ejercicio físico</subfield>
</datafield>
<datafield ind1=" " ind2=" " tag="653">
<subfield code="a">Resistance training</subfield>
</datafield>
<datafield ind1=" " ind2=" " tag="653">
<subfield code="a">Entrenamiento deportivo</subfield>
</datafield>
<datafield ind1=" " ind2=" " tag="653">
<subfield code="a">Endurance</subfield>
</datafield>
<datafield ind1=" " ind2=" " tag="653">
<subfield code="a">Systematic reviews (Medical research)</subfield>
</datafield>
<datafield ind1=" " ind2=" " tag="653">
<subfield code="a">Medicina - Investigación</subfield>
</datafield>
<datafield ind1=" " ind2=" " tag="653">
<subfield code="a">Public health</subfield>
</datafield>
<datafield tag="245" ind1="0" ind2="0">
<subfield code="a">Strength training vs. aerobic training for managing pain and physical function in patients with knee osteoarthritis: A systematic review and meta-analysis</subfield>
</datafield>
</record></metadata></record></GetRecord></OAI-PMH>